000 00846nam a2200241 i 4500
001 bg
100 1 _aBUKOWSKI, Zbigniew
245 1 0 _aPrawo międzynarodowe a ochrona środowiska /
_cZbigniew Bukowski.
260 _aToruń :
_bTowarzystwo Naukowe Organizacji i Kierownictwa "Dom Organizatora",
_c2005.
300 _a327 s. ;
_c24 cm.
504 _aBibliogr., wykaz umów międzynarodowych s. 311-324.
650 9 _aPrawo ochrony środowiska międzynarodowe
_ystan na 2005 r.
655 _aPodręczniki akademickie
015 _aPB 19725/2005
020 _a8372852391
040 _cBPK
041 _apol
080 _a341.22:349.6](075.8)
920 _a83-7285-239-1
942 _cKS
008 s pl f |000 0 pol
999 _c51287
_d51287
856 _uhttp://koha.tu.koszalin.pl/cgi-bin/koha/opac-detail.pl?biblionumber=51287
_yKatalog online BPK